|
|
|
|
| LEADER |
00000 a a2200000 04500 |
| 001 |
43413 |
| 003 |
cru CRAI/IIS |
| 005 |
20210506100904.0 |
| 008 |
210506b |||||||| |||| 00| 0 spa d |
| 040 |
|
|
|c cru CRAI/IIS
|
| 100 |
1 |
|
|a Murga Franssinetti, Antonio
|
| 245 |
1 |
|
|a Estado y burguesía industrial en Honduras /
|c Antonio Murga Franssinetti
|
| 500 |
|
|
|a También en Revista Mexicana de Sociología, (vol.39, núm.2 , 1977), páginas 595-609
|
| 500 |
|
|
|a Colección Centroamérica
|
| 650 |
|
|
|a BURGUESIA
|
| 650 |
|
|
|a HONDURAS
|
| 650 |
|
|
|a INDUSTRIA
|
| 650 |
|
|
|a ESTADO
|
| 773 |
|
|
|g volumen6, número18 ( , 1977), páginas 9-23
|
| 773 |
0 |
|
|0 18875
|9 5407
|a Universidad de Costa Rica.
|d San José, Costa Rica: Universidad de Costa Rica. Consejo Superior Universitario Centroamericano, 1972-
|o 14018
|t Estudios Sociales Centroamericanos /
|x 03039676
|
| 942 |
|
|
|2 ddc
|c PP
|
| 999 |
|
|
|c 31955
|d 31955
|